000
00327nam a2200145Ia 4500
100
_a
AICTE
942
_c
BK
654
_a
Value
245
_a
Value Engineering C-N0 : 84
260
_b
Continuing Education Programmer AICTE
_a
Bangalore
_c
1990
082
_a
515.7
_b
AICTE
300
_a
126
546
_a
ENGLISH
999
_c
24309
_d
24309